000 00357nam a2200145Ia 4500
008 230917s9999||||xx |||||||||||||| ||und||
040 _e202021
_aMAIN
041 _aEnglish
082 _a823.08 J78R:A
100 _aRekha
245 0 _aArun Joshi: The enigma of existence
260 _aNew Delhi
_bCreative Books
_c2010
300 _a150 p.
942 _cBK
999 _c134292
_d134292